| 000 | 01263nam2a2200265 4500 | ||
|---|---|---|---|
| 001 | RU\NLR\bibl\1670717 | ||
| 005 | 20250616044225.0 | ||
| 010 |
_a978-5-8064-1511-1 _9100 |
||
| 021 |
_aRU _b2010-57254 _93751 |
||
| 035 | _a(NLR Aleph) 001661978 | ||
| 090 |
_a987413 _c987413 |
||
| 100 | _a20100902d2010 |||y0rusy50 ca | ||
| 101 | 0 | _arus | |
| 102 | _aRU | ||
| 105 | _aa ||||||||| | ||
| 200 | 0 | _aВып. 1 | |
| 210 |
_d2010 _aБ. м. |
||
| 215 |
_a49, [1] с. _cил. |
||
| 320 | _aБиблиогр.: с. 42 (9 назв.) | ||
| 461 | 0 |
_1001RU\NLR\bibl\1681141 _12001#$aМеханическая обработка древесины. Токарные работы$vВып. 1 _91049413 _aПетров, В. С. (канд. пед. наук) _cСанкт-Петербург _d2010 _fВ.С. Петров _nИзд-во РГПУ _oучебное пособие для студентов высших учебных заведений, обучающихся по направлению "050500 - Технологическое образование" _tМеханическая обработка древесины. Токарные работы _vВып. 1 |
|
| 801 | 0 |
_aRU _bNLR _c20100902 _gRCR |
|
| 801 | 1 |
_aRU _bNLR _c20100902 |
|
| 942 | _cBOOK | ||
| 980 | _aNB | ||